Tratado de la prueba en materia penal

Kaydedildi:
Detaylı Bibliyografya
Yazar: Jauchen, Eduardo M (Yazar)
Materyal Türü: Kitap
Dil:İspanyolca
Baskı/Yayın Bilgisi: Buenos Aires Rubinzal-Culzoni 2002
Konular:
Etiketler: Etiketle
Etiket eklenmemiş, İlk siz ekleyin!

MARC

LEADER 00000nam a2200000 a 4500
001 UCM9093
003 CL-VaPUC
008 030411e20020000AG |||||||||||||||||spa|d
082 0 4 |a 345.06  |b JAU  |2 21 
100 |a Jauchen, Eduardo M  |e author  |9 593024 
245 1 0 |a Tratado de la prueba en materia penal 
300 |a 747 p 
942 |c BK 
945 |d 20030411 00:00:00  |a cmena 
260 |a Buenos Aires  |b Rubinzal-Culzoni  |c 2002 
650 7 |a DERECHO PENAL  |2 CL-VaPUC  |9 11 
650 0 |a Pruebas  |9 256249 
650 0 |a Procedimiento penal  |9 254974 
650 7 |a MEDIOS DE PRUEBA  |2 CL-VaPUC  |9 384094 
583 |a last modification  |c 20030411 00:00:00  |k Rodrigo Vera 
999 |c 303470  |d 303468 
952 |0 0  |1 0  |4 0  |6 345_060000000000000_JAU_2002  |7 0  |8 A  |9 364807  |a BIBDER  |b BIBDER  |d 2019-11-21  |i 389228K  |l 2  |o 345.06 JAU 2002  |p 389228K  |r 2022-07-20  |s 2022-07-20  |w 2019-11-21  |y BK  |k DER